000 00492nam a2200205Ia 4500
008 240510s9999 xx 000 0 und d
020 _a0000574213201
041 _aEng
082 _a005.74
082 _bK65
100 _aKROENKE, D.
245 0 _aDatabase Processing: Fundamentals, Design ,Implementation
250 _a2nd ed.
260 _bSc. Research Association Inc
260 _c1983
300 _a607 p.
650 _aDatabase Management
942 _2ddc
942 _cRBK
999 _c25691
_d25691
945 _a1
_bMadushi Gamage
_c1
_dMadushi Gamage